000 00805nam a22002657a 4500
001 BR8007357
003 BR-BrBNA
005 20230928090841.0
007 ta
008 230509b bl.||||| |||| 00| 0 por d
040 _aBR-BrBNA
_bpor
_cBiblioteca Nacional de Agricultura
041 _a(Por)
072 _aD10; E10
_b/G514
090 _ D10 BR8007357
110 1 _aMinisterio da Agricultura, Brasilia, DF (Brasil). Secretaria de Controle Operacional
_96825
245 1 _aAvaliacao da administracao direta - 1980 [agricultura, recurso economico, Brasil]
260 3 _aBrasilia, DF (Brasil):
_c1980.
300 _a100 p.
500 _a33 tables
650 _aPOLITICA AGRICOLA
650 _aRECURSO ECONOMICO
650 _aADMINISTRACAO
909 _a202309
_bLucia
_c55
_dLucia Elande
942 _cBK
999 _c30897
_d30897